000 00606nam a2200229Ia 4500
003 OSt
005 20220928121450.0
006 a|||||r|||| 00| 0
007 ta
008 220927b |||||||| |||| 00| 0 eng d
024 _a45182
037 _cTextual
040 _aSDCL
_cSDCL
_beng
041 _2eng
_aeng
082 _aY73(P121).3'D4, L9
100 _aWacher John
_9452721
245 0 _aComing of Rome.
260 _aLondon
_bRoutledge and Kegan Paul
_c1979
300 _axiii,193p.
_ccm.
942 _hY73(P121).3'D4, L9
_cTEXL
_2CC
999 _c766669
_d766669